000 00277nam a2200121Ia 4500
008 190902s9999||||xx |||||||||||||| ||und||
020 _a0-486-23940-3
100 _aMiriam Kaplan
245 0 _aEarth Song
260 _aIndia
_bThe McGraw-Hill
_c1998
300 _a82
942 _cBK
999 _c2745
_d2745